NHL Top 5 MVP Voting Every Year 1927-99 - Statistics

General Stats
  • This quiz has been taken 13 times
  • The average score is 208 of 367
Answer Stats
Year Team Player % Correct
1969: 5 Red Wings Gordie Howe
100%
1968: 5 Red Wings Gordie Howe
100%
1966: 3 Red Wings Gordie Howe
100%
1965: 3 Red Wings Gordie Howe
100%
1964: 3 Red Wings Gordie Howe
100%
1963: 1 Red Wings Gordie Howe
100%
1962: 4 Red Wings Gordie Howe
100%
1961: 3 Red Wings Gordie Howe
100%
1960: 1 Red Wings Gordie Howe
100%
1959: 2 Red Wings Gordie Howe
100%
1958: 1 Red Wings Gordie Howe
100%
1957: 1 Red Wings Gordie Howe
100%
1954: 4 Red Wings Gordie Howe
100%
1953: 1 Red Wings Gordie Howe
100%
1952: 1 Red Wings Gordie Howe
100%
1951: 3 Red Wings Gordie Howe
100%
1997: 3 Penguins Mario Lemieux
100%
1996: 1 Penguins Mario Lemieux
100%
1993: 1 Penguins Mario Lemieux
100%
1992: 5 Penguins Mario Lemieux
100%
1989: 2 Penguins Mario Lemieux
100%
1988: 1 Penguins Mario Lemieux
100%
1987: 4 Penguins Mario Lemieux
100%
1986: 2 Penguins Mario Lemieux
100%
1986: 3 Flyers Mark Howe
100%
1983: 5 Flyers Mark Howe
100%
1945: 5 Red Wings Syd Howe
100%
1943: 3 Red Wings Syd Howe
100%
1941: 4 Red Wings Syd Howe
100%
1998: 5 Rangers Wayne Gretzky
100%
1991: 2 Kings Wayne Gretzky
100%
1990: 4 Kings Wayne Gretzky
100%
1989: 1 Kings Wayne Gretzky
100%
1988: 3 Oilers Wayne Gretzky
100%
1987: 1 Oilers Wayne Gretzky
100%
1986: 1 Oilers Wayne Gretzky
100%
1985: 1 Oilers Wayne Gretzky
100%
1984: 1 Oilers Wayne Gretzky
100%
1983: 1 Oilers Wayne Gretzky
100%
1982: 1 Oilers Wayne Gretzky
100%
1981: 1 Oilers Wayne Gretzky
100%
1980: 1 Oilers Wayne Gretzky
100%
1977: 2 Flyers Bobby Clarke
89%
1976: 1 Flyers Bobby Clarke
89%
1975: 1 Flyers Bobby Clarke
89%
1974: 4 Flyers Bobby Clarke
89%
1973: 1 Flyers Bobby Clarke
89%
1971: 3 Blackhawks Bobby Hull
89%
1969: 5 Blackhawks Bobby Hull
89%
1968: 3 Blackhawks Bobby Hull
89%
1967: 3 Blackhawks Bobby Hull
89%
1966: 1 Blackhawks Bobby Hull
89%
1965: 1 Blackhawks Bobby Hull
89%
1964: 2 Blackhawks Bobby Hull
89%
1962: 3 Blackhawks Bobby Hull
89%
1960: 2 Blackhawks Bobby Hull
89%
1975: 3 Bruins Bobby Orr
89%
1974: 3 Bruins Bobby Orr
89%
1973: 3 Bruins Bobby Orr
89%
1972: 1 Bruins Bobby Orr
89%
1971: 1 Bruins Bobby Orr
89%
1970: 1 Bruins Bobby Orr
89%
1969: 3 Bruins Bobby Orr
89%
1968: 4 Bruins Bobby Orr
89%
1992: 3 Blues Brett Hull
89%
1991: 1 Blues Brett Hull
89%
1990: 3 Blues Brett Hull
89%
1984: 3 Islanders Bryan Trottier
89%
1982: 2 Islanders Bryan Trottier
89%
1981: 5 Islanders Bryan Trottier
89%
1979: 1 Islanders Bryan Trottier
89%
1978: 2 Islanders Bryan Trottier
89%
1967: 4 Canadiens Henri Richard
89%
1958: 4 Canadiens Henri Richard
89%
1971: 5 Maple Leafs Jacques Plante
89%
1962: 1 Canadiens Jacques Plante
89%
1999: 1 Penguins Jaromír Jágr
89%
1998: 2 Penguins Jaromír Jágr
89%
1996: 4 Penguins Jaromír Jágr
89%
1995: 2 Penguins Jaromír Jágr
89%
1969: 2 Canadiens Jean Béliveau
89%
1968: 2 Canadiens Jean Béliveau
89%
1966: 2 Canadiens Jean Béliveau
89%
1964: 1 Canadiens Jean Béliveau
89%
1960: 4 Canadiens Jean Béliveau
89%
1959: 3 Canadiens Jean Béliveau
89%
1957: 2 Canadiens Jean Béliveau
89%
1956: 1 Canadiens Jean Béliveau
89%
1955: 4 Canadiens Jean Béliveau
89%
1981: 3 Kings Marcel Dionne
89%
1980: 2 Kings Marcel Dionne
89%
1979: 3 Kings Marcel Dionne
89%
1977: 5 Kings Marcel Dionne
89%
1996: 2 Rangers Mark Messier
89%
1992: 1 Rangers Mark Messier
89%
1990: 1 Oilers Mark Messier
89%
1998: 4 Devils Martin Brodeur
89%
1997: 4 Devils Martin Brodeur
89%
1955: 3 Canadiens Maurice Richard
89%
1954: 3 Canadiens Maurice Richard
89%
1951: 2 Canadiens Maurice Richard
89%
1950: 3 Canadiens Maurice Richard
89%
1947: 1 Canadiens Maurice Richard
89%
1945: 2 Canadiens Maurice Richard
89%
1982: 3 Islanders Mike Bossy
89%
1981: 4 Islanders Mike Bossy
89%
1952: 4 Bruins Milt Schmidt
89%
1951: 1 Bruins Milt Schmidt
89%
1950: 5 Bruins Milt Schmidt
89%
1947: 2 Bruins Milt Schmidt
89%
1940: 4 Bruins Milt Schmidt
89%
1995: 4 Red Wings Paul Coffey
89%
1986: 4 Oilers Paul Coffey
89%
1974: 1 Bruins Phil Esposito
89%
1973: 2 Bruins Phil Esposito
89%
1972: 3 Bruins Phil Esposito
89%
1971: 2 Bruins Phil Esposito
89%
1969: 1 Bruins Phil Esposito
89%
1991: 4 Bruins Ray Bourque
89%
1990: 2 Bruins Ray Bourque
89%
1987: 2 Bruins Ray Bourque
89%
1985: 5 Bruins Ray Bourque
89%
1984: 5 Bruins Ray Bourque
89%
1970: 4 Blackhawks Stan Mikita
89%
1968: 1 Blackhawks Stan Mikita
89%
1967: 1 Blackhawks Stan Mikita
89%
1964: 5 Blackhawks Stan Mikita
89%
1963: 2 Blackhawks Stan Mikita
89%
1989: 3 Red Wings Steve Yzerman
89%
1988: 4 Red Wings Steve Yzerman
89%
1979: 4 Islanders Denis Potvin
78%
1976: 2 Islanders Denis Potvin
78%
1988: 5 Blackhawks Denis Savard
78%
1983: 3 Blackhawks Denis Savard
78%
1994: 4 Maple Leafs Doug Gilmour
78%
1993: 2 Maple Leafs Doug Gilmour
78%
1987: 5 Blus Doug Gilmour
78%
1996: 3 Flyers Eric Lindros
78%
1995: 1 Flyers Eric Lindros
78%
1973: 5 Sabres Gilbert Perreault
78%
1988: 2 Oilers Grant Fuhr
78%
1980: 4 Canadiens Guy Lafleur
78%
1979: 2 Canadiens Guy Lafleur
78%
1978: 1 Canadiens Guy Lafleur
78%
1977: 1 Canadiens Guy Lafleur
78%
1976: 3 Canadiens Guy Lafleur
78%
1975: 5 Canadiens Guy Lafleur
78%
1936: 2 Maroons Hooley Smith
78%
1976: 4 Canadiens Ken Dryden
78%
1973: 4 Canadiens Ken Dryden
78%
1972: 2 Canadiens Ken Dryden
78%
1977: 5 Canadiens Larry Robinson
78%
1949: 4 Red Wings Ted Lindsay
78%
1999: 5 Ducks Teemu Selänne
78%
1998: 3 Ducks Teemu Selänne
78%
1997: 5 Ducks Teemu Selänne
78%
1963: 3 Red Wings Terry Sawchuk
78%
1959: 4 Red Wings Terry Sawchuk
78%
1957: 4 Red Wings Terry Sawchuk
78%
1952: 5 Red Wings Terry Sawchuk
78%
1980: 3 Blackhawks Tony Esposito
78%
1974: 5 Blackhawks Tony Esposito
78%
1970: 2 Blackhawks Tony Esposito
78%
1961: 1 Canadiens Bernie Geoffrion
67%
1975: 4 Flyers Bernie Parent
67%
1974: 2 Flyers Bernie Parent
67%
1936: 4 Maple Leafs Charlie Conacher
67%
1935: 2 Maple Leafs Charlie Conacher
67%
1989: 5 Canadiens Chris Chelios
67%
1985: 2 Jets Dale Hawerchuk
67%
1982: 5 Jets Dale Hawerchuk
67%
1978: 3 Maple Leafs Darryl Sittler
67%
1999: 3 Sabres Dominik Hašek
67%
1998: 1 Sabres Dominik Hašek
67%
1997: 1 Sabres Dominik Hašek
67%
1995: 3 Sabres Dominik Hašek
67%
1994: 2 Sabres Dominik Hašek
67%
1962: 2 Rangers Doug Harvey
67%
1958: 3 Canadiens Doug Harvey
67%
1957: 5 Canadiens Doug Harvey
67%
1956: 5 Canadiens Doug Harvey
67%
1955: 5 Canadiens Doug Harvey
67%
1939: 5 Bruins Eddie Shore
67%
1938: 1 Bruins Eddie Shore
67%
1936: 1 Bruins Eddie Shore
67%
1935: 1 Bruins Eddie Shore
67%
1933: 1 Bruins Eddie Shore
67%
1931: 2 Bruins Eddie Shore
67%
1929: 3 Bruins Eddie Shore
67%
1928: 3 Bruins Eddie Shore
67%
1932: 1 Canadiens Howie Morenz
67%
1931: 1 Canadiens Howie Morenz
67%
1928: 1 Canadiens Howie Morenz
67%
1961: 2 Maple Leafs Johnny Bower
67%
1937: 2 Maroons Lionel Conacher
67%
1934: 2 Blackhawks Lionel Conacher
67%
1994: 5 Canadiens Patrick Roy
67%
1992: 2 Canadiens Patrick Roy
67%
1990: 5 Canadiens Patrick Roy
67%
1989: 4 Canadiens Patrick Roy
67%
1997: 2 Ducks Paul Kariya
67%
1949: 3 Blackhawks Roy Conacher
67%
1943: 3 Maple Leafs Syl Apps
67%
1942: 2 Maple Leafs Syl Apps
67%
1941: 3 Maple Leafs Syl Apps
67%
1940: 2 Maple Leafs Syl Apps
67%
1939: 2 Maple Leafs Syl Apps
67%
1995: 5 Flames Theo Fleury
67%
1991: 5 Flames Theo Fleury
67%
1977: 4 Maple Leafs Börje Salming
56%
1978: 5 Bruins Brad Park
56%
1976: 5 Rangers/Bruins Brad Park
56%
1970: 5 Rangers Brad Park
56%
1941: 5 Rangers Bryan Hextall
56%
1971: 4 Maple Leafs Dave Keon
56%
1963: 5 Maple Leafs Frank Mahovlich
56%
1961: 4 Maple Leafs Frank Mahovlich
56%
1982: 4 Nordiques Peter Šťastný
56%
1956: 4 Red Wings Red Kelly
56%
1954: 2 Red Wings Red Kelly
56%
1953: 3 Red Wings Red Kelly
56%
1951: 5 Red Wings Red Kelly
56%
1985: 4 Capitals Rod Langway
56%
1984: 2 Capitals Rod Langway
56%
1983: 4 Capitals Rod Langway
56%
1996: 5 Red Wings Sergei Fedorov
56%
1994: 1 Red Wings Sergei Fedorov
56%
1939: 1 Canadiens Toe Blake
56%
1962: 5 Rangers Andy Bathgate
44%
1959: 1 Rangers Andy Bathgate
44%
1958: 2 Rangers Andy Bathgate
44%
1957: 3 Rangers Andy Bathgate
44%
1999: 4 Maple Leafs Curtis Joseph
44%
1959: 5 Canadiens Dickie Moore
44%
1972: 4 Rangers Jean Ratelle
44%
1993: 3 Sabres Pat LaFontaine
44%
1990: 5 Islanders Pat LaFontaine
44%
1993: 4 Bruins Adam Oates
33%
1999: 2 Senators Alexei Yashin
33%
1950: 5 Canadiens Bill Durnan
33%
1949: 2 Canadiens Bill Durnan
33%
1946: 3 Canadiens Bill Durnan
33%
1952: 2 Canadiens Elmer Lach
33%
1948: 3 Canadiens Elmer Lach
33%
1945: 1 Canadiens Elmer Lach
33%
1966: 4 Blackhawks Glenn Hall
33%
1963: 4 Blackhawks Glenn Hall
33%
1961: 5 Blackhawks Glenn Hall
33%
1960: 3 Blackhawks Glenn Hall
33%
1958: 5 Blackhawks Glenn Hall
33%
1992: 5 Blackhawks Jeremy Roenick
33%
1994: 3 Panthers John Vanbiesbrouck
33%
1986: 5 Rangers John Vanbiesbrouck
33%
1966: 5 Red Wings Norm Ullman
33%
1965: 2 Red Wings Norm Ullman
33%
1938: 2 Blackhawks Paul Thompson
33%
1993: 5 Islanders Pierre Turgeon
33%
1984: 4 Bruins Rick Middleton
33%
1950: 4 Red Wings Sid Abel
33%
1949: 1 Red Wings Sid Abel
33%
1955: 1 Maple Leafs Ted Kennedy
33%
1953: 5 Maple Leafs Ted Kennedy
33%
1951: 4 Maple Leafs Ted Kennedy
33%
1950: 2 Maple Leafs Ted Kennedy
33%
1937: 4 Bruins Tiny Thompson
33%
1947: 4 Maple Leafs Turk Broda
33%
1935: 5 Canadiens Aurele Joliat
22%
1934: 1 Canadiens Aurele Joliat
22%
1965: 5 Canadiens Charlie Hodge
22%
1964: 4 Canadiens Charlie Hodge
22%
1932: 2 Rangers Ching Johnson
22%
1928: 5 Rangers Ching Johnson
22%
1949: 4 Blackhawks Doug Bentley
22%
1944: 3 Blackhawks Doug Bentley
22%
1943: 2 Blackhawks Doug Bentley
22%
1991: 3 Blackhawks Ed Belfour
22%
1948: 2 Bruins Frank Brimsek
22%
1943: 5 Bruins Frank Brimsek
22%
1942: 3 Bruins Frank Brimsek
22%
1948: 4 Blackhawks/ Maple Leafs Max Bentley
22%
1947: 3 Blackhawks Max Bentley
22%
1946: 1 Blackhawks Max Bentley
22%
1991: 5 Blackhawks Steve Larmer
22%
1942: 1 Americans Tom Anderson
22%
1972: 5 Rangers Vic Hadfield
22%
1929: 2 Maple Leafs Ace Bailey
11%
1945: 3 Bruins Bill Cowley
11%
1944: 2 Bruins Bill Cowley
11%
1943: 1 Bruins Bill Cowley
11%
1941: 1 Bruins Bill Cowley
11%
1930: 3 Bruins Cooney Weiland
11%
1941: 2 Bruins Dit Clapper
11%
1940: 3 Bruins Dit Clapper
11%
1935: 4 Rangers Frank Boucher
11%
1930: 5 Rangers Frank Boucher
11%
1946: 2 Maple Leafs Gaye Stewart
11%
1956: 3 Rangers Gump Worsley
11%
1946: 5 Red Wings Jack Stewart
11%
1989: 5 Flames Joe Mullen
11%
1934: 3 Maple Leafs King Clancy
11%
1931: 3 Maple Leafs King Clancy
11%
1930: 4 Senators King Clancy
11%
1929: 5 Senators King Clancy
11%
1927: 5 Senators King Clancy
11%
1992: 4 Canucks Kirk McLean
11%
1987: 3 Whalers Mike Liut
11%
1981: 2 Blues Mike Liut
11%
1931: 5 Maroons Nels Stewart
11%
1930: 1 Maroons Nels Stewart
11%
1985: 3 Flyers Pelle Lindbergh
11%
1970: 3 Blues Red Berenson
11%
1969: 4 Blues Red Berenson
11%
1977: 3 Kings Rogie Vachon
11%
1975: 2 Kings Rogie Vachon
11%
1954: 1 Blackhawks Al Rollins
0%
1953: 2 Blackhawks Al Rollins
0%
1935: 3 Blackhawks Art Coulter
0%
1944: 1 Maple Leafs Babe Pratt
0%
1938: 3 Canadiens Babe Siebert
0%
1937: 1 Canadiens Babe Siebert
0%
1960: 5 Maple Leafs Bert Olmstead
0%
1933: 2 Rangers Bill Cook
0%
1927: 2 Rangers Bill Cook
0%
1942: 3 Blackhawks Bill Thoms
0%
1948: 1 Rangers Buddy O'Connor
0%
1950: 1 Rangers Chuck Rayner
0%
1947: 4 Rangers Chuck Rayner
0%
1980: 5 Sabres Danny Gare
0%
1927: 4 Blackhawks Dick Irvin
0%
1978: 4 Sabres Don Edwards
0%
1940: 5 Americans Earl Robertson
0%
1939: 4 Americans Earl Robertson
0%
1944: 4 Blackhawks Earl Seibert
0%
1934: 4 Rangers Earl Seibert
0%
1940: 1 Red Wings Ebbie Goodfellow
0%
1937: 3 Red Wings Ebbie Goodfellow
0%
1931: 4 Falcons Ebbie Goodfellow
0%
1967: 2 Rangers Ed Giacomin
0%
1945: 4 Red Wings Flash Hollett
0%
1927: 3 Cougars/Bruins Frank Fredrickson
0%
1928: 4 Cougars George Hay
0%
1953: 4 Canadiens Gerry McNeil
0%
1938: 4 Maple Leafs Gordie Drillon
0%
1967: 5 Rangers Harry Howell
0%
1955: 2 Maple Leafs Harry Lumley
0%
1954: 5 Maple Leafs Harry Lumley
0%
1946: 4 Red Wings Harry Lumley
0%
1927: 1 Canadiens Herb Gardiner
0%
1952: 3 Bruins Jim Henry
0%
1939: 3 Blackhawks Johnny Gottselig
0%
1933: 3 Red Wings John Ross Roach
0%
1930: 2 Bruins Lionel Hitchman
0%
1944: 5 Maple Leafs Lorne Carr
0%
1942: 3 Rangers Lynn Patrick
0%
1937: 5 Red Wings Marty Barry
0%
1979: 5 Maple Leafs Mike Palmateer
0%
1938: 5 Rangers Neil Colville
0%
1949: 4 Bruins Paul Ronty
0%
1983: 2 Bruins Pete Peeters
0%
1936: 5 Americans Red Dutton
0%
1965: 4 Red Wings Roger Crozier
0%
1934: 5 Americans Roy Worters
0%
1929: 1 Americans Roy Worters
0%
1928: 2 Pirates Roy Worters
0%
1936: 3 Americans Sweeney Schriner
0%
1929: 4 Canadiens Sylvio Mantha
0%
1956: 2 Maple Leafs Tod Sloan
0%
No matching quizzes found
Score Distribution
Percent of People with Each Score
Percentile by Number Answered
Your Score History
You have not taken this quiz